| 000 | 01237nam a22003737a 4500 | ||
|---|---|---|---|
| 001 | BR2024001943 | ||
| 003 | BR-BrBNA | ||
| 005 | 20240711160915.0 | ||
| 008 | 240711b bl.||||| |||| 00| 0 por d | ||
| 040 |
_aBR-BrBNA _bpor |
||
| 041 | _apor | ||
| 072 | _aD10 ; E10 ; E13 | ||
| 090 | _aD10 BR2024001943 | ||
| 100 | 0 | _aSilva, Wanessa Araújo Miquelino da | |
| 110 | _aFundação Getúlio Vargas, Brasília, DF (Brasil). Escola de Políticas Públicas e Governo | ||
| 245 | _aAlocação de recursos e poder político: um exame das transferências voluntárias do MAPA (2008-2022) | ||
| 260 |
_aBrasília, DF (Brasil) _c2023 |
||
| 300 | _a64 p. | ||
| 500 | _aBibliography p. 58-64 (51 ref.); Summaries (eng, por, spa); 1 illus.; 5 tables; 8 graphs | ||
| 502 | _aDissertação (Mestre em Políticas Públicas e Governo) | ||
| 650 | _aPOLÍTICAS PÚBLICAS | ||
| 650 | _aPOLÍTICA GOVERNAMENTAL | ||
| 650 | _aPOLÍTICA AGRÍCOLA | ||
| 650 | _aADMINISTRAÇÃO PÚBLICA | ||
| 650 | _aDESPESA | ||
| 650 | _aORÇAMENTO | ||
| 650 | _aRECURSO FINANCEIRO | ||
| 650 | _aDISTRIBUIÇÃO | ||
| 650 | _aAGRICULTURA | ||
| 650 | _aFINANCIAMENTO | ||
| 650 | _aLEGISLAÇÃO | ||
| 909 |
_a202407 _bFernando |
||
| 942 | _cBK | ||
| 999 |
_c300493 _d300493 |
||